Pirates of the Caribbean Actors Quiz - Statistics

General Stats
  • This quiz has been taken 37 times
  • The average score is 6 of 14
Answer Stats
Character Actor % Correct
Jack Sparrow Johnny Depp
97%
Will Turner Orlando Bloom
97%
Elizabeth Swann Keira Knightley
85%
Hector Barbossa Geoffrey Rush
53%
Angelica Penélope Cruz
50%
Armando Salazar Javier Bardem
47%
Davy Jones Bill Nighy
44%
Bootstrap Bill Stellan Skarsgård
35%
Edward Teach/Blackbeard Ian McShane
24%
Tia Dalma Naomie Harris
21%
Cutler Beckett Tom Hollander
21%
James Norrington Jack Davenport
18%
Joshamee Gibbs Kevin McNally
18%
Weatherby Swann Jonathan Pryce
15%
No matching quizzes found
Score Distribution
Percent of People with Each Score
Percentile by Number Answered
Your Score History
You have not taken this quiz